000 00798nam a2200289Ia 4500
003 OSt
005 20221006144418.0
006 a|||||r|||| 00| 0
007 ta
008 221006b |||||||| |||| 00| 0 eng d
020 _c258.00
024 _a11,641
037 _cTextual
040 _aEASL
_cEASL
_beng
041 _2eng
_aeng
082 _aV1:19(zR).N7, M2
100 _aPIERRE Andrew J.
_9466162
245 0 _aGlobal politics of arms sales
260 _aPrinceton
_bPrinceton University Press New Jersey
_c1982
300 _axvi,352p.
_ccm.
490 _v Gen
650 _a Economic - Diamension
_9651920
650 _a Gen
650 _aArms - Foreign Policy
_9651921
942 _hV1:19(zR).N7, M2
_cTEXL
_2CC
999 _c1079727
_d1079727